| 000 | 02360cam a2200505 i 4500 | ||
|---|---|---|---|
| 999 |
_c529787 _d529787 |
||
| 001 | 19540186 | ||
| 003 | NUST | ||
| 005 | 20191003111116.0 | ||
| 008 | 170306s2017 nyub 000 1 eng | ||
| 010 | _a 2017008487 | ||
| 020 | _a9780385352161 (hardcover) | ||
| 020 | _z9780385352178 (ebook) | ||
| 038 | _awaseem | ||
| 040 |
_aDLC _beng _cDLC _erda _dDLC |
||
| 041 | 1 |
_aeng _hnor |
|
| 042 | _apcc | ||
| 043 | _ae-no--- | ||
| 050 | 0 | 0 |
_aPT8951.24.E83 _bT6713 2017 |
| 082 | 0 | 0 |
_a839.8238 _bNES |
| 084 |
_aFIC022000 _aFIC030000 _2bisacsh |
||
| 100 | 1 |
_aNesbø, Jo, _d1960- _eauthor. _922592 |
|
| 240 | 1 | 0 |
_aTørst. _lEnglish. |
| 245 | 1 | 4 |
_aThe thirst / _cJo Nesbø ; translated from the Norwegian by Neil Smith. |
| 250 | _aFirst U.S. edition. | ||
| 264 | 1 |
_aNew York : _bAlfred A. Knopf, _c[2017] |
|
| 300 |
_a461 pages : _bmap ; _c24 cm. |
||
| 336 |
_atext _btxt _2rdacontent |
||
| 337 |
_aunmediated _bn _2rdamedia |
||
| 338 |
_avolume _bnc _2rdacarrier |
||
| 490 | 0 |
_aHarry Hole series ; _v11 |
|
| 520 |
_a"Harry Hole returns in the eleventh installment of the best-selling, electrifying crime fiction series that includes The Bat, The Snowman, and, most recently, Police. In Police--the last novel featuring Jo Nesbø's hard-bitten, maverick Oslo detective--a killer wreaking revenge on the police had Harry Hole fighting for the safety of the people closest to him. Now, in The Thirst, the story continues as Harry is inextricably drawn back into the Oslo police force. A serial murderer has begun targeting Tinder daters--a murderer whose MO reignites Harry's hunt for a nemesis of his past"-- _cProvided by publisher. |
||
| 546 | _aTranslated from the Norwegian. | ||
| 650 | 0 |
_aHole, Harry (Fictitious character) _vFiction. _922593 |
|
| 650 | 0 |
_aPolice _zNorway _zOslo _vFiction. _922594 |
|
| 650 | 0 |
_aSerial murderers _zNorway _zOslo _vFiction. _922595 |
|
| 650 | 0 |
_aSerial murder investigation _vFiction. _922588 |
|
| 650 | 7 |
_aFICTION / Mystery & Detective / General. _2bisacsh _922569 |
|
| 650 | 7 |
_aFICTION / Suspense. _2bisacsh _922570 |
|
| 655 | 7 |
_aSuspense fiction. _2gsafd _94577 |
|
| 655 | 7 |
_aMystery fiction. _2gsafd _95621 |
|
| 700 | 1 |
_aSmith, Neil _q(Neil Andrew), _etranslator. _922596 |
|
| 906 |
_a7 _bcbc _corignew _d1 _eecip _f20 _gy-gencatlg |
||
| 942 |
_2ddc _cBK |
||